000 00540nam a22001697a 4500
003 OSt
005 20260312151059.0
008 260312b |||||||| |||| 00| 0 eng d
040 _cMRSPTU
041 _aEnglish
100 _aDinesh Kumar, Supervisor: Surinder Singh
245 _aReduction of SPM Effect for WDM Transmission using EDFA
260 _bDepartment of ECE, MRSPTU, Bathinda
_c2007
650 _aElectronics & Communication Engineering
856 _uhttp://163.47.215.52:8080/jspui/handle/123456789/1189
942 _2ddc
_cTH
_n0
999 _c11132
_d11132